|
|
|
|
| LEADER |
00000nam a22000007a 4500 |
| 005 |
20110901115945.0 |
| 008 |
110901t2010 pe ||||s|||| 00| 0 spa d |
| 020 |
|
|
|a 978-612-4047-15-2
|
| 035 |
|
|
|a 5355
|
| 040 |
|
|
|a vLex
|
| 090 |
|
|
|c 2330
|d 2330
|
| 100 |
1 |
|
|a Da̕z Muǫz, Óscar
|
| 245 |
1 |
3 |
|a El derecho constitucional de libertad religiosa del menor
|b Familia, escuela y tratamientos mďicos /
|c Óscar Da̕z Muǫz
|h [Recurso electrn̤ico] :
|
| 256 |
|
|
|a Servicio en ln̕ea.
|
| 260 |
|
|
|a Lima :
|b Palestra Editores,
|c 2010.
|
| 300 |
|
|
|a 426 p.
|
| 490 |
0 |
|
|a Tesis & Monografa̕s en Derecho
|
| 500 |
|
|
|a Analiza el Derecho Constitucional de libertad religiosa del menor integrando la legislacin̤ y la jurisprudencia con el estudio doctrinal. Si bien su enfoque es desde el Derecho Consitucional, abre su estudio tambiň al Derecho Eclesis̀tico.
|
| 506 |
1 |
|
|a Contenido solo disponible en los productos indicados
|d vLex Global
|d vLex Global (Academic Edition, excluding Law Schools)
|d vLex Global (U.S. Academic Edition, Law Schools)
|d vLex Global (U.S. Academic Edition, excluding Law Schools)
|d vLex Global (Academic Edition, Law Schools)
|
| 650 |
0 |
4 |
|a Libertad religiosa
|z Per︢
|
| 650 |
0 |
4 |
|a Menores
|z Per︢
|
| 740 |
0 |
|
|a vLex Libros (Servicio en ln̕ea)
|
| 856 |
4 |
0 |
|u http://vlex.com/source/derecho-constitucional-libertad-religiosa-menor-familia-escuela-tratamientos-medicos-5355
|z Acceso restringido
|
| 942 |
|
|
|c BOOK
|